Die rechtliche Lage der Stadt Narva in schwedischer Zeit

Titel: Die rechtliche Lage der Stadt Narva in schwedischer Zeit
Verfasser:
In: Riga und der Ostseeraum, (2005), Seite 346-357
alle Artikel anzeigen
Veröffentlicht: 2005
Format: Aufsatz
Sprache: Deutsch
Kein Bild verfügbar
X
alg: 39164020
001A    $01999:11-11-16 
001B    $01999:25-04-21 $t10:53:26.000 
001D    $01999:11-11-16 
001U    $0utf8 
001X    $00 
002@    $0Aox 
003@    $0391640208 
007A    $0391640208 $aHEB 
007T    $0Herd79019 
010@    $ager 
011@    $a2005 
021A    $aDie @rechtliche Lage der Stadt Narva in schwedischer Zeit 
028A    $aKüng $dEnn 
031A    $h346-357 $j2005 
039B    $aIn $8--Aau--. Riga und der Ostseeraum. - Marburg : Verl. Herder-Institut, 2005. - VIII, 486 S.. - Ill., graph. Darst., Kt.. - ISBN 3-87969-319-6 $x200500000000000654 $9133615367 
045F    $a340.09 $eDDC23BSB 
045F/01 $a340.09 
045F/03 $g4798 

lok: 39164020 78

exp: 39164020 78 1 #EPN
201B/01 $026-06-18 $t22:53:48.000 
201U/01 $0utf8 
203@/01 $0787734683 
208@/01 $a11-11-16 $be 
209A/01 $a/ $f000 $x00 
220C/01 $aTitelaufnehmer: cs 
244Z/01 $2Trx $#Estija $#Igaunija $#Estland $#Estonia $#Estonia $#Estónsko $#Estonsko $8--Trx--Eesti $x01 $9391237225 
244Z/01 $#Narwa $#Narwa $#Narvskaja Gorodskaja Uprava $#Gorodskaja Uprava Narva $74102367-5 $8--Tg1--Narva $x02 $9085298328 
244Z/01 $#Sverigg $#Sweden $#Suède $#Konungariket Sverige $#Švecija $#Königreich Schweden $#Suecia $#Svezia $#Sverige $#Zviedrija $#Zweden $#Szwecja $#Kingdom of Sweden $74077258-5 $8--Tgz--Schweden $x03 $9085218812 
244Z/01 $aGeschichte 1581-1673 $x04 
244Z/01 $2Trx $#linnaõigus $#miestų teisė $#city law $#városjog $#prawa miejskie $#právo mestské $#právo městské $8--Trx--Stadtrecht $x05 $9391355015 
244Z/01 $2Trx $#suhted, Eesti-Rootsi $#santykiai, estų ir švedų $#relations, Estonian-Swedish $#kapcsolatok, észt-svéd $#stosunki estońsko-szwedzkie $#vzťahy estónsko-švédske $#vztahy estonsko-švedské $8--Trx--Beziehungen, estnisch-schwedische $x06 $9391378767 
244Z/01 $2Trx $8--Trx--Einzelbeiträge $x07 $9391384570 
245Z/01 $a13.03 $x01 
245Z/01 $a07.02 $x02 
247C/01 $82080>Marburg/Lahn, Herder-Institut, Forschungsbibliothek, Bibliographieportal $9336309341
LEADER 00000caa a22000002c 4500
001 391640208
003 DE-603
005 20210425105326.0
007 tu
008 161111s2005 xx |||| | u00||u|ger c
035 |a (DE-599)HEB391640208 
040 |a DE-603  |b ger  |c DE-603  |d DE-603 
041 |a ger 
082 0 4 |8 1\u  |a 340.09  |q DE-101  |2 23/BSB 
085 |8 1\u  |b 340.09 
085 |8 1\u  |z 2  |s 4798 
100 1 |a Küng, Enn 
245 0 0 |a ˜Dieœ rechtliche Lage der Stadt Narva in schwedischer Zeit 
264 0 |c 2005 
773 0 8 |i In  |t Riga und der Ostseeraum  |d Marburg : Verl. Herder-Institut, 2005  |h VIII, 486 S., Ill., graph. Darst., Kt.  |z 3879693196  |g (2005), Seite 346-357  |w (DE-603)133615367 
924 0 |9 2080  |a (DE-603)787734683  |b DE-2080  |c HES  |d d  |g /